| 000 | 01084 a2200205 4500 | ||
|---|---|---|---|
| 001 | 37802 | ||
| 005 | 20260407155644.0 | ||
| 008 | 260407a1995 arg spa d | ||
| 003 | AR-UNSa-BCEJYS | ||
| 040 |
_aAR-UNSa-BCEJYS _bspa _cAR-UNSa-BCEJYS |
||
| 080 |
_a657 _xContabilidad |
||
| 245 | 1 | 0 | _aLecturas de teoría e investigación contable |
| 264 | 1 |
_aMedellin : _bCentro Interamericano Jurídico-Financiero _c1995 |
|
| 300 |
_ax, 418 p. _c24 cm. |
||
| 505 | _a1. Subprogramas de investigación en la emisión de principios contables - 2. Algunos obstaculos con que se enfrenta la normalización contable - 3. La evolución del consepto de contabilidad a traves de sus deficiones - 4. Algunas implicaciones del paradigma de utilidad en la disciplina contable - 5. Los principios contables en el nuevo plan general de contabilidad - 6. La investigación empirica en contabilidad. Los enfoques en presencia; 7. La investigación en contabilidad: una reflexión personal. | ||
| 041 | _aspa | ||
| 942 | _cBK | ||
| 590 | _aniveau_biblio:m niveau_hierar:0 | ||
| 100 | 1 | _aTua Pereda, Jorge | |
| 999 |
_c2809 _d2809 |
||